Исследование спектров молекул типа сферического волчка на основе теории неприводимых тензорных операторов: автореферат диссертации на соискание учёной степени кандидата физико-математических наук; спец. 1.3.6

Dades bibliogràfiques
Autor principal: Кузнецов А. В. Алексей Валерьевич
Autor corporatiu: Национальный исследовательский Томский политехнический университет Исследовательская школа физики высокоэнергетических процессов, Университет Бургундии - Франш-Конте
Altres autors: Громова О. В. Ольга Васильевна (научный руководитель), Леруа Клод (научный консультант)
Sumari:Заглавие с титульного экрана
Электронная версия печатной публикации
Защита сост. 27.03.2023
Idioma:rus
Publicat: Томск, 2023
Matèries:
Accés en línia:http://earchive.tpu.ru/handle/11683/74484
Format: Electrònic Llibre
KOHA link:https://koha.lib.tpu.ru/cgi-bin/koha/opac-detail.pl?biblionumber=376941

MARC

LEADER 00000nlm0a2200000 4500
001 376941
005 20250228104844.0
035 |a (RuTPU)RU\TPU\retro\34385 
035 |a RU\TPU\retro\34249 
090 |a 376941 
100 |a 20230130d2023 k y0rusy50 ca 
101 0 |a rus 
102 |a RU 
105 |a a dm 000zy 
135 |a drgn ---uucaa 
181 0 |a i  
182 0 |a b 
200 1 |a Исследование спектров молекул типа сферического волчка на основе теории неприводимых тензорных операторов  |e автореферат диссертации на соискание учёной степени кандидата физико-математических наук  |e спец. 1.3.6  |f А. В. Кузнецов  |g Национальный исследовательский Томский политехнический университет, Университет Бургундии - Франш-Конте ; науч. рук. О. В. Громова, науч. конс. Леруа Клод 
203 |a Текст  |c электронный 
210 |a Томск  |d 2023 
215 |a 1 файл (634 КБ) 
300 |a Заглавие с титульного экрана 
300 |a Электронная версия печатной публикации 
300 |a Защита сост. 27.03.2023 
338 |b Российский фонд фундаментальных исследований  |d 20-32-90028/20 
338 |b Российский научный фонд  |d 18-12-00058 
606 1 |a Колебательно-вращательные спектры, энергетические  |2 stltpush  |3 (RuTPU)RU\TPU\subj\14683  |9 41040 
610 1 |a электронный ресурс 
610 1 |a авторефераты диссертаций 
610 1 |a труды учёных ТПУ 
610 1 |a спектры высокого разрешения 
610 1 |a молекулы 
610 1 |a тензорные операторы 
610 1 |a колебательно-вращательные спектры 
610 1 |a внутримолекулярные взаимодействия 
610 1 |a гамильтонианы 
610 1 |a спектроскопические свойства 
610 1 |a молекулярная спектроскопия 
610 1 |a переходы 
610 1 |a энергетические структуры 
610 1 |a резонансные взаимодействия 
610 1 |a ИК-спектры 
610 1 |a дипольные моменты 
675 |a 535.338.4(04)  |v 4 
686 |a 01.04.05  |2 oksvnk 
700 1 |a Кузнецов  |b А. В.  |g Алексей Валерьевич 
702 1 |a Громова  |b О. В.  |c физик  |c профессор Томского политехнического университета, доктор физико-математических наук  |f 1982-  |g Ольга Васильевна  |y Томск  |3 (RuTPU)RU\TPU\pers\34332  |4 727  |9 17838 
702 0 |a Леруа Клод  |4 695 
712 0 2 |a Национальный исследовательский Томский политехнический университет  |b Исследовательская школа физики высокоэнергетических процессов  |c (2017- )  |3 (RuTPU)RU\TPU\col\23551 
712 0 2 |a Университет Бургундии - Франш-Конте 
801 2 |a RU  |b 63413507  |c 20230201  |g RCR 
856 4 |u http://earchive.tpu.ru/handle/11683/74484 
942 |c CF